000 00368nam a22001577a 4500
005 20160701111326.0
008 160701b xxu||||| |||| 00| 0 eng d
041 _aeng
082 _b20280
100 _aGhatak S
_93368
245 _aMine surveying & leveling
260 _bCoalfield Publication
300 _a410
650 _aDiploma Engineering
_9817
942 _cBK
999 _c5036
_d5034